000 00775nam a2200229 a 4500
001 BRCA_2689
005 20190320203926.0
008 021208s1948----nyu#---###---#000-0#eng-#
084 _aND813.V4
_b.T73 1948
100 1 _aTrapier, Elizabeth du Gué
_97618
245 1 0 _aVelazquez
_cElizabeth Du Gué Trapier.
260 _aNew York
_bHispanic Society of America
_c1948
300 _axxii, 434 p.
_bil.
_c22 cm.
440 0 _aHispanic Notes & Monographs Essays, Studies, and Brief Biographies
_97619
500 _aIncluye índice alfabético de ilustraciones y notas
500 _aAA2
504 _aBibliografía: p. 407-419
600 1 4 _aVelázquez, Diego Rodriguez de Silva y
_d1599-1660
_92552
650 1 4 _aPintores españoles
_97620
902 _aGFM
942 _2lcc
_cB
999 _c2429
_d2429